000 01511nam a22002657a 4500
003 GR-AtMCL
005 20250731113812.0
006 a|||||r|||||||||||
008 s1994 da r 000 u eng d
020 _a0132261197
040 _aGR-AtMCL
_beng
_dGR-AtMCL
_eAACR2
100 1 _aDeitel, Paul J.
_91839
245 1 0 _aC:
_bhow to program /
_cP.J. Deitel, H.M. Deitel.
250 _a2th ed.
260 _aEnglewood Cliffs, N.J. :
_bPrentice Hall,
_c1994.
300 _a926 p. :
_bill. ;
_c23 cm.
504 _aIncludes bibliographical references and index.
520 _aHighly practical in approach, it introduces fundamental notions of structured programming, gets up to speed quickly, and covers not only the full C language, but includes a review of library functions and a solid introduction C++ and object-oriented programming. Emphasizes the principles of structured programming and software engineering; includes tips on common programming errors, good programming practices, portability, performance, and software engineering; demonstrates, incrementally, the features of C within the context of properly structured and well documented, complete working C programs and sample executions; uses ANSI C throughout; offers an introduction C++ and object-oriented programming.
650 0 _aC (Computer program language)
_99886
650 0 _aC++ (Computer program language)
650 0 _aComputing
_99851
700 1 _aDeitel, Harvey M.,
_d1945-
_91838
942 _cBK
999 _c9837
_d9837